Obščije zakonomernosti i regional'nyje osobennosti razvitija neproizvedstvennoj sfery

Gespeichert in:
Bibliographische Detailangaben
1. Verfasser: Chochlov, Valerij Semenovič
Format: Buch
Sprache:Russisch
Veröffentlicht: Kišinev Štiinca 1978
Tags: Tag hinzufügen
Keine Tags, Fügen Sie das erste Tag hinzu!

MARC

LEADER 00000nam a2200000 4500
001 0215163
005 20240109105210.7
041 0 |a rus 
044 |a RU 
245 1 0 |a Obščije zakonomernosti i regional'nyje osobennosti razvitija neproizvedstvennoj sfery  |c Valerij Semenovič Chochlov 
264 1 |a Kišinev  |b Štiinca  |c 1978 
300 |a 130 s. 
100 1 |a Chochlov, Valerij Semenovič